000 00536nam a2200217 i 4500
001 bgj
100 1 _aKLÜGER, Ruth.
245 1 0 _aWeiter Leben :
_beine Jugend /
_cRuth Klüger.
260 _aGöttingen :
_bWallstein Verlag,
_c1992.
300 _a285 s. ;
_c19 cm.
600 1 _aKLÜGER, Ruth
_xbiografia
651 9 _aEuropa
_xhistoria
020 _a3892440360
040 _cBPK
041 0 _ager
044 _aDEU
080 _a94(4)
920 _a3-89244-036-0
942 _cKS
008 s gw f |000 0 ger
999 _c50580
_d50580
856 _uhttp://koha.tu.koszalin.pl/cgi-bin/koha/opac-detail.pl?biblionumber=50580
_yKatalog online BPK